Psychological trauma: From wound to reconstruction. Clinical perspectives in the context of natural disasters (notice n° 1664551)

détails MARC
000 -LEADER
fixed length control field 02132cam a2200157 4500500
005 - DATE AND TIME OF LATEST TRANSACTION
control field 20260222001641.0
041 ## - LANGUAGE CODE
Language code of text/sound track or separate title fre
042 ## - AUTHENTICATION CODE
Authentication code dc
100 10 - MAIN ENTRY--PERSONAL NAME
Personal name EM Georges, Rogenette
Relator term author
245 00 - TITLE STATEMENT
Title Psychological trauma: From wound to reconstruction. Clinical perspectives in the context of natural disasters
260 ## - PUBLICATION, DISTRIBUTION, ETC.
Date of publication, distribution, etc. 2026.<br/>
500 ## - GENERAL NOTE
General note 72
520 ## - SUMMARY, ETC.
Summary, etc. Psychological trauma, etymologically defined as a “psychic wound,” constitutes a normal response to exceptional events that threaten an individual’s physical and/or psychological integrity. The historical evolution of the concept—from Oppenheim’s pioneering work in 1888 on “traumatic neurosis” to contemporary nosography—reflects an increasingly refined understanding of these complex phenomena. Recent studies identify four core symptoms of post-traumatic stress disorder (PTSD): re-experiencing (flashbacks, nightmares), avoidance, hyperarousal, and changes in cognition and mood. Neurobiological perspectives highlight the underlying mechanisms involved, particularly hyperactivation of the amygdala and dysregulation of its connections with the prefrontal cortex, resulting in impaired emotional regulation and dissociative symptoms. Individual responses vary according to the nature of the traumatic event, personal history, mental state, and level of environmental support. The worldwide prevalence of PTSD is estimated at 3.9%, with a higher prevalence among women. Therapeutic interventions include eye movement desensitization and reprocessing (EMDR), cognitive behavioral therapy (CBT), and hypnosis, alongside pharmacological treatment and complementary therapies when indicated. A holistic approach to care—integrating the fundamental role of the social environment as well as resilience factors and protective resources—supports psychological reconstruction and the transformation of vulnerability into therapeutic potential.
786 0# - DATA SOURCE ENTRY
Note L'information psychiatrique | 102 | 1 | 2026-02-04 | p. 17-22 | 0020-0204
856 41 - ELECTRONIC LOCATION AND ACCESS
Uniform Resource Identifier <a href="https://stm.cairn.info/journal-linformation-psychiatrique-2026-1-page-17?lang=en&redirect-ssocas=7080">https://stm.cairn.info/journal-linformation-psychiatrique-2026-1-page-17?lang=en&redirect-ssocas=7080</a>

Pas d'exemplaire disponible.

PLUDOC

PLUDOC est la plateforme unique et centralisée de gestion des bibliothèques physiques et numériques de Guinée administré par le CEDUST. Elle est la plus grande base de données de ressources documentaires pour les Étudiants, Enseignants chercheurs et Chercheurs de Guinée.

Adresse

627 919 101/664 919 101

25 boulevard du commerce
Kaloum, Conakry, Guinée

Réseaux sociaux

Powered by Netsen Group @ 2025